| 000 | 00584nam a2200193Ia 4500 | ||
|---|---|---|---|
| 005 | 20250423095025.0 | ||
| 008 | 250422s9999 xx 000 0 und d | ||
| 020 | _a9781447920113 | ||
| 050 | _aQA 76.9 .H85 B45/ | ||
| 100 | _aBenyon, David | ||
| 245 | 0 | _aDesigning interactive systems : A comprehensive guide to HCI and interaction design | |
| 250 | _a3rd ed. | ||
| 260 | _aHarlow | ||
| 260 | _b Pearson | ||
| 260 | _c2014 | ||
| 300 | _a604 p | ||
| 650 | _aHuman-computer interaction. Interactive computer systems--Design. User interfaces (Computer systems) | ||
| 942 | _cBK | ||
| 999 |
_c29004 _d29004 |
||